Gilmore Girls - personnages par image - Statistiques

Statistiques générales
  • Ce quiz a été pris 1 682 fois
  • Le résultat moyen est 18 sur 33
Statistiques - réponses
Par images Réponse % Correct
Rory
99%
Lorelai
92%
Luke
91%
Emily
89%
Dean
88%
Paris
87%
Richard
84%
Jess
82%
Christopher
78%
Logan
77%
Michel
77%
Lane
74%
Sookie
71%
Tristan
69%
Kirk
67%
Max
59%
Jackson
58%
Miss Patty
48%
Taylor
46%
Babette
44%
April
36%
Dave
33%
Louise
31%
Lindsay
28%
Zack
28%
TJ
23%
Gipsy
19%
Anna
17%
Lulu
17%
Mitchum
17%
Madeleine
13%
Lizz
10%
Francie
9%
Aucun quiz correspondant
Distribution des résultats
% des personnes avec chaque résultat
Percentile par nombre de réponses
Votre historique - résultats
Vous n’avez pas pris ce quiz